| 000 | 01118nam a22003257a 4500 | ||
|---|---|---|---|
| 003 | CHAP | ||
| 005 | 20220329143451.0 | ||
| 008 | 091116s2008 mx r 00010 spa d | ||
| 010 | _a97081 | ||
| 011 | _a98053 | ||
| 020 | _a9789689221081 | ||
| 035 | _a108730 | ||
| 040 | _cCHAP | ||
| 082 | 0 | 4 |
_a332.10972 _bG94 |
| 100 | 1 |
_aGuillén Reyes, José Alejandro. _951403 |
|
| 245 | 1 | 0 |
_aReflexiones politológicas sobre la estatización de la banca _c/por José Alejandro Guillen Reyes y Jaime Ángel Chama Cancela |
| 260 | 0 | 0 |
_aMéxico, D.F. : _bcentro de estudios Espinosa Yglesias _c2008 |
| 300 | _a173 p. | ||
| 590 |
_aBATCH-UPD _b10 _c20130110 _lUCH01 _h1125 |
||
| 590 |
_aBATCH-UPD _b10 _c20130410 _lUCH01 _h0714 |
||
| 590 |
_aBATCH-UPD _b10 _c20130914 _lUCH01 _h0534 |
||
| 590 |
_aCONVERSION _b10 _c20130109 _lUCH01 _h1354 |
||
| 650 | 1 | 4 |
_aBancos y operaciones bancarias. _99913 |
| 650 | 1 | 4 |
_aPoder. _989471 |
| 650 | 1 | 4 |
_aPolítica y gobierno. _990717 |
| 650 | 1 | 4 |
_aToma de decisiones. _9113662 |
| 901 | _aBK | ||
| 942 | _cLIBRO | ||
| 949 |
_a332.10972 G94 _bBC _cLIBRO _d33724002131884 _eLIBRO _gI.c/e _h111357 _i108730 _sb |
||
| 999 |
_c97081 _d97081 |
||